000 00462nam a22001817a 4500
005 20260422092544.0
008 260422b |||||||| |||| 00| 0 eng d
020 _a9789355407412
_c425.00
040 _aMAIN
041 _aeng
082 _a657.42
_bJAI
100 _aJain, S.P.
_dNarang, K.L.
245 _aCost Accounting
_cBy S.P. Jain.
260 _aNew Delhi:
_bKalyani Publishers;
_c2024.
300 _a668p.
650 _aAccounting
942 _2ddc
_cBK
999 _c16407
_d16407